Normal view
MARC view
Entry Topical Term
001 - CONTROL NUMBER
- control field: 34645
003 - CONTROL NUMBER IDENTIFIER
- control field: ARRUPE
005 - DATE AND TIME OF LATEST TRANSACTION
- control field: 20170808124144.0
008 - FIXED-LENGTH DATA ELEMENTS
- fixed length control field: 170808|| aca||aabn | a|a d
040 ## - CATALOGING SOURCE
- Original cataloging agency: ARRUPE
- Transcribing agency: ARRUPE
150 ## - HEADING--TOPICAL TERM
- Topical term or geographic name as entry element: SADCC
670 ## - SOURCE DATA FOUND
- Source citation: Work cat.: (ARRUPE): Mwanza, Doris 34644, Competing interests in futuring sub-saharan Africa, 1991